[Event "North Region-ch"]
[Site "Valledupar"]
[Date "2012.04.01"]
[Round "7.2"]
[White "Garrido Rios, Laura Vanessa"]
[Black "Jaimes Velasquez, Maria Alejandr"]
[Result "0-1"]
[WhiteElo "1239"]
[BlackElo "1412"]
[PlyCount "44"]
[EventDate "2012.03.29"]
[EventType "swiss"]
[EventRounds "7"]
[EventCountry "COL"]
[SourceTitle "EXT 2024"]
[Source "ChessBase"]
[SourceDate "2023.10.10"]
[SourceVersion "1"]
[SourceVersionDate "2023.10.10"]
[SourceQuality "1"]

1. e4 e5 2. Nc3 Nf6 3. Nf3 Nc6 4. Bb5 Bd6 5. 0-0 0-0 6. d3 h6 7. Bxc6 dxc6 8. d4 exd4 9. Nxd4 Re8 10. Re1 c5 11. Nde2 Nxe4 12. Nxe4 Rxe4 13. Ng3 Rd4 14. Qe2 Bg4 15. Qf1 Qh4 16. f3 Bxg3 17. hxg3 Qxg3 18. fxg4 Qxg4 19. c3 Rd5 20. b3 Rad8 21. c4 Qd4+ 22. Kh1 Rh5# 0-1

[Event "North Region-ch"]
[Site "Valledupar"]
[Date "2012.03.29"]
[Round "1.1"]
[White "Perez Valcarcel, Maria Jose"]
[Black "Garrido Rios, Laura Vanessa"]
[Result "1-0"]
[WhiteElo "1507"]
[BlackElo "1239"]
[PlyCount "47"]
[EventDate "2012.03.29"]
[EventType "swiss"]
[EventRounds "7"]
[EventCountry "COL"]
[SourceTitle "EXT 2024"]
[Source "ChessBase"]
[SourceDate "2023.10.10"]
[SourceVersion "1"]
[SourceVersionDate "2023.10.10"]
[SourceQuality "1"]

1. e4 e5 2. Nf3 Nf6 3. Nc3 Nc6 4. d4 exd4 5. Nxd4 Nxd4 6. Qxd4 Be7 7. e5 Nh5 8. Be2 0-0 9. Bxh5 Bb4 10. 0-0 Be7 11. Qe4 g6 12. Be2 Bc5 13. Be3 d6 14. exd6 cxd6 15. Bxc5 dxc5 16. Rad1 Bd7 17. Bg4 Re8 18. Rxd7 Qc8 19. Re7 Qd8 20. Rxe8+ Kg7 21. Rxd8 Rxd8 22. Qe5+ Kf8 23. Qxc5+ Ke8 24. Re1# 1-0